Companies by Letter - B - Statistics

General Stats
  • This quiz has been taken 150 times
    149 since last reset
  • The average score is 8 of 15
Answer Stats
Clue Company % Correct
Home of the Whopper Burger King
89%
Company known for making ballpoint pens BIC
72%
"The Ultimate Driving Machine" luxury automaker BMW
71%
American beer brewed by Anheuser-Busch Budweiser
68%
Search engine developed and owned by Microsoft Bing
67%
Cause of the 2010 Gulf of Mexico oil spill BP
62%
Video store franchise that shut down due to Netflix Blockbuster
60%
Large spirits company known for its white rum Bacardi
58%
Serves 31 different ice cream flavors Baskin Robbins
57%
British luxury car company; subsidary of Volkswagen Bentley
54%
Audio producer founded by Dr. Dre and Jimmy Iovine Beats Electronics
53%
Warren Buffet is the CEO of this company Berkshire Hathaway
40%
Sponsered the Premier League since 2001 Barclays
32%
Pharmaceutical company that bought Monsanto Bayer
30%
Largest internet web service in China Baidu
16%
No matching quizzes found
Score Distribution
Percent of People with Each Score
Percentile by Number Answered
Your Score History
You have not taken this quiz since the last reset